000 00431nam a2200181Ia 4500
005 20260603114018.0
008 131103s9999 xx 000 0 und d
040 _aLoreto College
041 _aEnglish
082 _a843
_bGID
100 _aGide, Andre
245 _aLes caves du vatican
_cAndre Gide
260 _aU.R.S.S.
_bGallimard
_c1922
300 _a250p.
650 _aFrench fiction
850 _aLCLIB
942 _cBK
999 _c23936
_d74415